00466cam a2200181ua 45000010005000000080039000050200018000440400009000620820008000711000030000792450047001092500009001562600026001653000017001916530022002086530026002306530028002561390110708n ii |||gr||||Z||||||eng a81-7339-046-0 cMAIN a350 aGogoi, Purandar,eAuthor.1 aLoka prakashan parichaycby Purandar Gogoi a4th. a[s.l]:bBanalata,995. a196p:c23cm. aPolitical Science aPublic administration aloka prakashan parichay